| 000 | 00572nam a2200205Ia 4500 | ||
|---|---|---|---|
| 003 | IN-BaIIA | ||
| 008 | 211028s9999 xx 000 0 eng d | ||
| 020 | _a0-08-026495-6 | ||
| 040 | _cIIA Library | ||
| 080 |
_a523 _bJON |
||
| 100 |
_aJones, Barrie William _913289 |
||
| 245 | 4 |
_aThe solar system _cBarrie William Jones |
|
| 250 | _a2nd ed. | ||
| 260 |
_aOxford _bPergamon Press _c1984 |
||
| 300 | _axv, 336p. | ||
| 650 | _aAstronomy and Astrophysics Thesaurus | ||
| 650 | _aSolar System | ||
| 650 |
_aSun _91200 |
||
| 942 | _cBK | ||
| 999 |
_c7875 _d7875 |
||